000 00544nam a2200193 a 4500
001 6594
003 CO-ViMGA
008 141112s2004 ck r 000 u spa d
020 _a9589061419
040 _aCO-ViMGA
_bspa
_cCO-ViMGA
082 0 4 _a336.34 G171ma
100 1 _aGaray Salamanca, Jorge Luis
_95452
245 1 0 _aEl manejo de la deuda externa de colombia /
_cGaray Salamanca Jorge Luis
260 _aBogotá :
_bCerec,
_c1991
300 _a87 p
490 _aTextos, 16
650 1 4 _aDEUDA EXTERNA COLOMBIANA
_95453
942 _2ddc
_cBK
999 _c18563
_d18563